Migrácia v EÚ v väzbe na ekonomický rast a zamestnanosť dizertačná práca

Uložené v:
Podrobná bibliografia
Hlavný autor: Satmár, Oliver
Korporativný autor: Ekonomická univerzita v Bratislave. Národohospodárska fakulta
Ďalší autori: Rievajová, Eva
Médium: Kniha
Jazyk:Slovak
Vydavateľské údaje: Bratislava 2010
Predmet:
Tagy: Pridať tag
Žiadne tagy, Buďte prvý, kto otaguje tento záznam!

MARC

LEADER 00000nam a2200000 4500
001 0125839
005 20230227092658.9
041 0 |a slo 
044 |a SK 
245 1 0 |a Migrácia v EÚ v väzbe na ekonomický rast a zamestnanosť  |b dizertačná práca  |c Oliver Satmár ; škol. Eva Rievajová 
264 1 |a Bratislava  |c 2010 
300 |a 134 s. 
610 2 0 |a migrácia 
610 2 0 |a rast hospodársky 
610 2 0 |a zamestnanosť 
100 1 |a Satmár, Oliver 
700 1 |a Rievajová, Eva 
710 2 |a Ekonomická univerzita v Bratislave. Národohospodárska fakulta